[Event "Japfa Classic"]
[Site "Dempasar (Bali)"]"]
[Date "2000.04.22"]
[Round "1"]
[White "Polgar, Judit"]
[Black "Ehlvest, Jaan"]
[Result "1/2-1/2"]
[WhiteElo "2658"]
[BlackElo "2622"]
[PlyCount "47"]
[EventDate "2000.04.22"]

1. e4 g6 2. d4 d6 3. Nc3 c6 4. Nf3 Bg7 5. Be3 Nf6 6. Qd2 b5 7. Bd3 Bg4 8. e5 b4
9. exf6 bxc3 10. bxc3 exf6 11. Qe2 O-O 12. h3 Qa5 13. O-O Bxf3 14. Qxf3 Qxc3
15. Qf4 Nd7 16. Rab1 Rfd8 17. Bd2 Qa3 18. Bb4 Qa4 19. Bxd6 Ne5 20. Rb4 Qa5 21.
dxe5 fxe5 22. Bxe5 Bxe5 23. Qe4 Re8 24. Qc4 1/2-1/2

[Event "Japfa Classic"]
[Site "Dempasar (Bali)"]"]
[Date "2000.04.22"]
[Round "1"]
[White "Adianto, Utut"]
[Black "Milos, Gilberto"]
[Result "1/2-1/2"]
[WhiteElo "2584"]
[BlackElo "2620"]
[PlyCount "74"]
[EventDate "2000.04.22"]

1. d4 Nf6 2. c4 e6 3. Nf3 b6 4. g3 Ba6 5. b3 Bb4+ 6. Bd2 Be7 7. Nc3 O-O 8. e4
d5 9. cxd5 Bxf1 10. Kxf1 exd5 11. e5 Ne4 12. Kg2 c5 13. Qe2 Nxc3 14. Bxc3 Nc6
15. Rhe1 Qc8 16. Rad1 Qe6 17. Ng1 cxd4 18. Bxd4 Bb4 19. Rf1 Nxd4 20. Rxd4 Bc3
21. Rd3 Qxe5 22. Qxe5 Bxe5 23. Rxd5 Bf6 24. Rc1 Rfc8 25. Rxc8+ Rxc8 26. Rd7 a5
27. Nf3 Kf8 28. Rb7 Rc6 29. a4 h6 30. Nd2 Bd4 31. Rd7 Bc5 32. Ne4 Bb4 33. g4 g6
34. Rb7 Re6 35. Kf3 Rc6 36. Kg2 Re6 37. Kf3 Rc6 1/2-1/2

[Event "Japfa Classic"]
[Site "Dempasar (Bali)"]"]
[Date "2000.04.22"]
[Round "1"]
[White "Timman, Jan H"]
[Black "Seirawan, Yasser"]
[Result "1/2-1/2"]
[WhiteElo "2655"]
[BlackElo "2647"]
[PlyCount "85"]
[EventDate "2000.04.22"]

1. e4 c6 2. d4 d5 3. Nd2 dxe4 4. Nxe4 Nd7 5. Ng5 Ngf6 6. Bd3 e6 7. N1f3 Bd6 8.
Qe2 h6 9. Ne4 Nxe4 10. Qxe4 Qc7 11. Qg4 Kf8 12. O-O c5 13. Qh4 b6 14. Be4 Rb8
15. Rd1 c4 16. Ne5 Nf6 17. Bf3 Bb7 18. Bxb7 Rxb7 19. b3 cxb3 20. cxb3 Nd5 21.
Bf4 Qe7 22. Qg3 Nxf4 23. Qxf4 Kg8 24. Qe4 f5 25. Qe3 Kh7 26. Rac1 Bxe5 27. Qxe5
Rd8 28. Rc6 Rd5 29. Qxe6 Qxe6 30. Rxe6 Rbd7 31. Kf1 Rxd4 32. Rxd4 Rxd4 33. Re7
a5 34. Ke2 a4 35. Re3 axb3 36. axb3 Rd6 37. Rd3 Rc6 38. Kd2 Kg6 39. h4 Kh5 40.
Rd4 Rf6 41. Ke3 g5 42. hxg5 hxg5 43. g3 1/2-1/2

[Event "Japfa Classic"]
[Site "Dempasar (Bali)"]"]
[Date "2000.04.22"]
[Round "1"]
[White "Karpov, Anatoly"]
[Black "Gunawan, Ruben"]
[Result "1-0"]
[WhiteElo "2696"]
[BlackElo "2507"]
[PlyCount "93"]
[EventDate "2000.04.22"]

1. c4 Nf6 2. Nf3 e6 3. Nc3 c5 4. g3 Nc6 5. Bg2 d5 6. cxd5 Nxd5 7. O-O Be7 8. d4
O-O 9. e4 Ndb4 10. a3 cxd4 11. axb4 dxc3 12. bxc3 Qc7 13. Qa4 Rd8 14. b5 Ne5
15. Nxe5 Qxe5 16. c4 Qc7 17. e5 Bd7 18. Be3 a6 19. Rfb1 h6 20. Qa5 Qxa5 21.
Rxa5 axb5 22. Rxa8 Rxa8 23. cxb5 Bc8 24. b6 Kf8 25. h4 Ke8 26. Rc1 Bd8 27. Rc4
Bd7 28. Rb4 Ra1+ 29. Kh2 Bc8 30. Rg4 g6 31. h5 g5 32. Rc4 Ra8 33. Be4 Bd7 34.
Rb4 Rb8 35. f4 g4 36. Kg2 Be7 37. Rc4 Rc8 38. Rxc8+ Bxc8 39. Bd4 Kd8 40. Kf2
Ke8 41. Bd3 Bb4 42. Be2 Bd7 43. Bxg4 Bc6 44. f5 exf5 45. Bxf5 Bd2 46. Ke2 Bg5
47. Be3 1-0

[Event "Japfa Classic"]
[Site "Dempasar (Bali)"]"]
[Date "2000.04.22"]
[Round "1"]
[White "Zaw, Win Lay"]
[Black "Khalifman, Alexander"]
[Result "0-1"]
[WhiteElo "2633"]
[BlackElo "2656"]
[PlyCount "42"]
[EventDate "2000.04.22"]

1. e4 e6 2. d4 d5 3. Nd2 c5 4. exd5 Qxd5 5. Ngf3 cxd4 6. Bc4 Qd6 7. O-O Nf6 8.
Nb3 Nc6 9. Nbxd4 Nxd4 10. Nxd4 a6 11. Re1 Qc7 12. Bb3 Bd6 13. Nf5 Bxh2+ 14. Kh1
O-O 15. Nxg7 Rd8 16. Qf3 Kxg7 17. Bh6+ Kg6 18. Rad1 Rxd1 19. Rxd1 e5 20. Kxh2
Ng4+ 21. Kg1 Kxh6 0-1

[Event "Japfa Classic"]
[Site "Dempasar (Bali)"]"]
[Date "2000.04.23"]
[Round "2"]
[White "Polgar, Judit"]
[Black "Adianto, Utut"]
[Result "1-0"]
[WhiteElo "2658"]
[BlackElo "2584"]
[PlyCount "95"]
[EventDate "2000.04.23"]

1. e4 c6 2. d4 d5 3. Nc3 dxe4 4. Nxe4 Bf5 5. Ng3 Bg6 6. h4 h6 7. Nf3 Nd7 8. h5
Bh7 9. Bd3 Bxd3 10. Qxd3 Ngf6 11. Bf4 Qa5+ 12. Bd2 Qc7 13. O-O-O e6 14. Ne4 Bd6
15. g3 Nxe4 16. Qxe4 O-O-O 17. Qe2 Rhe8 18. Kb1 b5 19. c4 bxc4 20. Qxc4 Nb6 21.
Qc2 Nd5 22. Rc1 Kb7 23. Ne5 Bxe5 24. dxe5 Rc8 25. Rhe1 Qb6 26. Be3 Qb5 27. Bc5
Red8 28. Re4 Rd7 29. Rd4 Ka8 30. Qd2 Rb7 31. f4 Rcb8 32. b3 Qa6 33. Kb2 Rb5 34.
Qd3 Qa5 35. Bd6 Rc8 36. Rdc4 Nb6 37. Rxc6 Rxc6 38. Rxc6 Rd5 39. Qc3 Rd2+ 40.
Kc1 Qxc3+ 41. Rxc3 Rxa2 42. Rc7 Rg2 43. Rxf7 Rxg3 44. f5 exf5 45. e6 Rg1+ 46.
Kd2 Rg2+ 47. Kd3 Nc8 48. Be5 1-0

[Event "Japfa Classic"]
[Site "Dempasar (Bali)"]"]
[Date "2000.04.23"]
[Round "2"]
[White "Milos, Gilberto"]
[Black "Timman, Jan H"]
[Result "1/2-1/2"]
[WhiteElo "2620"]
[BlackElo "2655"]
[PlyCount "63"]
[EventDate "2000.04.23"]

1. e4 e5 2. Nf3 Nc6 3. Bb5 a6 4. Ba4 d6 5. c3 f5 6. exf5 Bxf5 7. O-O Bd3 8. Re1
Be7 9. Bc2 Bxc2 10. Qxc2 Nf6 11. d4 e4 12. Ng5 d5 13. f3 h6 14. Nh3 O-O 15. Nd2
exf3 16. Nxf3 Rf7 17. Bf4 Bd6 18. Bxd6 Qxd6 19. Nf2 Re7 20. Rxe7 Nxe7 21. Qb3
b6 22. Re1 c5 23. Re3 Rf8 24. Qd1 Nc6 25. Qd3 b5 26. a3 Nh5 27. g3 Nf6 28. Kg2
cxd4 29. Nxd4 Nxd4 30. Qxd4 Qd7 31. Re5 Qf7 32. Qf4 1/2-1/2

[Event "Japfa Classic"]
[Site "Dempasar (Bali)"]"]
[Date "2000.04.23"]
[Round "2"]
[White "Seirawan, Yasser"]
[Black "Karpov, Anatoly"]
[Result "1/2-1/2"]
[WhiteElo "2647"]
[BlackElo "2696"]
[PlyCount "25"]
[EventDate "2000.04.23"]

1. Nf3 Nf6 2. c4 e6 3. Nc3 d5 4. d4 dxc4 5. e3 a6 6. Bxc4 c5 7. O-O b5 8. Be2
Bb7 9. dxc5 Bxc5 10. Qxd8+ Kxd8 11. b3 Nbd7 12. Bb2 Ke7 13. Rac1 1/2-1/2

[Event "Japfa Classic"]
[Site "Dempasar (Bali)"]"]
[Date "2000.04.23"]
[Round "2"]
[White "Gunawan, Ruben"]
[Black "Zaw, Win Lay"]
[Result "1/2-1/2"]
[WhiteElo "2507"]
[BlackElo "2633"]
[PlyCount "66"]
[EventDate "2000.04.23"]

1. Nf3 Nf6 2. c4 e6 3. g3 d5 4. Qc2 c5 5. Bg2 Nc6 6. O-O Be7 7. d3 O-O 8. a3 d4
9. e3 e5 10. exd4 exd4 11. Re1 Bd6 12. Bg5 h6 13. Bxf6 Qxf6 14. Nbd2 Qd8 15.
Re2 Bd7 16. b4 cxb4 17. c5 Be7 18. axb4 Nxb4 19. Qc4 Nc6 20. Rb1 Rc8 21. Nb3 b6
22. Ne5 Nxe5 23. Rxe5 Bf6 24. Rd5 Qc7 25. Rxd7 Qxd7 26. c6 Qd6 27. Nd2 Rc7 28.
h4 Rfc8 29. Rc1 Qe7 30. Be4 Qe6 31. Bd5 Qe7 32. Be4 Qe6 33. Bd5 Qe7 1/2-1/2

[Event "Japfa Classic"]
[Site "Dempasar (Bali)"]"]
[Date "2000.04.23"]
[Round "2"]
[White "Ehlvest, Jaan"]
[Black "Khalifman, Alexander"]
[Result "1/2-1/2"]
[WhiteElo "2622"]
[BlackElo "2656"]
[PlyCount "38"]
[EventDate "2000.04.23"]

1. e4 e6 2. d4 d5 3. Nc3 Nf6 4. Bg5 dxe4 5. Nxe4 Be7 6. Bxf6 Bxf6 7. Nf3 O-O 8.
Qd2 Be7 9. O-O-O Qd5 10. Nc3 Qa5 11. Ne5 Bb4 12. Nc4 Bxc3 13. Nxa5 Bxd2+ 14.
Rxd2 b6 15. Nc4 Bb7 16. Ne3 Nd7 17. Bb5 Nf6 18. f3 Rfd8 19. Rhd1 Kf8 1/2-1/2

[Event "Japfa Classic"]
[Site "Dempasar (Bali)"]"]
[Date "2000.04.24"]
[Round "3"]
[White "Timman, Jan H"]
[Black "Polgar, Judit"]
[Result "0-1"]
[WhiteElo "2655"]
[BlackElo "2658"]
[PlyCount "66"]
[EventDate "2000.04.24"]

1. Nf3 Nf6 2. c4 b6 3. d4 e6 4. a3 Bb7 5. Nc3 d5 6. cxd5 Nxd5 7. Qc2 Nxc3 8.
bxc3 Be7 9. e4 O-O 10. Bd3 c5 11. O-O Qc8 12. Qe2 Ba6 13. Rd1 cxd4 14. cxd4
Bxd3 15. Qxd3 Qa6 16. Bb2 Qxd3 17. Rxd3 Nd7 18. Rc1 Rfc8 19. Rdc3 Rxc3 20. Rxc3
Nf6 21. Nd2 b5 22. Rc6 Kf8 23. f3 Ke8 24. Nb3 Nd7 25. Kf1 Nb6 26. Nc5 Nc4 27.
Bc1 Rd8 28. a4 Rxd4 29. Nb3 Rd3 30. axb5 Ne5 31. Rc8+ Kd7 32. Ra8 Rxb3 33.
Rxa7+ Ke8 0-1

[Event "Japfa Classic"]
[Site "Dempasar (Bali)"]"]
[Date "2000.04.24"]
[Round "3"]
[White "Adianto, Utut"]
[Black "Ehlvest, Jaan"]
[Result "1-0"]
[WhiteElo "2584"]
[BlackElo "2622"]
[PlyCount "59"]
[EventDate "2000.04.24"]

1. d4 Nf6 2. c4 g6 3. Nf3 Bg7 4. g3 d5 5. Bg2 dxc4 6. O-O O-O 7. Na3 c3 8. bxc3
c5 9. e3 Nc6 10. Qe2 Nd5 11. Bb2 Nb6 12. Rac1 Be6 13. Rfd1 Qc8 14. c4 Bg4 15.
h3 Bxf3 16. Bxf3 Qxh3 17. Nb5 Na4 18. Ba1 Rfd8 19. Bg4 Qh6 20. Kg2 e5 21. d5
Nb4 22. a3 Na6 23. f4 exf4 24. Rh1 f3+ 25. Qxf3 Qg5 26. Bxg7 f5 27. Be5 Qxg4
28. Qxg4 fxg4 29. Nd6 Nb6 30. Rxh7 1-0

[Event "Japfa Classic"]
[Site "Dempasar (Bali)"]"]
[Date "2000.04.24"]
[Round "3"]
[White "Karpov, Anatoly"]
[Black "Milos, Gilberto"]
[Result "1/2-1/2"]
[WhiteElo "2696"]
[BlackElo "2620"]
[PlyCount "96"]
[EventDate "2000.04.24"]

1. d4 Nf6 2. c4 e6 3. g3 d5 4. Bg2 Be7 5. Nf3 O-O 6. O-O dxc4 7. Qc2 a6 8. a4
Bd7 9. Qxc4 Bc6 10. Bg5 a5 11. Nc3 Na6 12. Bxf6 Bxf6 13. e4 Nb4 14. Rfd1 b6 15.
Rd2 Bb7 16. Qe2 Ba6 17. Qe3 c6 18. h4 Qc7 19. Rc1 Rad8 20. e5 Be7 21. Ng5 Rd7
22. Be4 g6 23. b3 Qd8 24. Rcd1 Nd5 25. Nxd5 cxd5 26. Bd3 Bxd3 27. Rxd3 Rc7 28.
Rc1 b5 29. axb5 Bxg5 30. hxg5 Rxc1+ 31. Qxc1 Qb6 32. Qc6 Rb8 33. Rf3 Qxb5 34.
Qc7 Rf8 35. Kg2 a4 36. bxa4 Qxa4 37. Rf4 Qb4 38. Qa7 Kg7 39. Qa1 Qe7 40. Qc1
Ra8 41. Rh4 Rd8 42. Qf4 Kg8 43. Rh1 Qf8 44. Qh4 Qg7 45. Qh6 Rb8 46. Ra1 Qf8 47.
Qh4 Ra8 48. Rh1 Qg7 1/2-1/2

[Event "Japfa Classic"]
[Site "Dempasar (Bali)"]"]
[Date "2000.04.24"]
[Round "3"]
[White "Zaw, Win Lay"]
[Black "Seirawan, Yasser"]
[Result "0-1"]
[WhiteElo "2633"]
[BlackElo "2647"]
[PlyCount "112"]
[EventDate "2000.04.24"]

1. e4 c6 2. d4 d5 3. Nd2 dxe4 4. Nxe4 Nd7 5. Ng5 e6 6. Bd3 Be7 7. N1f3 h6 8.
Ne4 Ngf6 9. Nxf6+ Bxf6 10. Qe2 c5 11. Be3 cxd4 12. Bxd4 Bxd4 13. Nxd4 Qf6 14.
c3 O-O 15. O-O Nc5 16. Bc2 b6 17. Rfe1 Bb7 18. Qe5 Qxe5 19. Rxe5 Rfd8 20. f4 g6
21. Rae1 Nd7 22. R5e3 Nf6 23. Bb3 Bd5 24. Bxd5 Nxd5 25. Re4 h5 26. g3 Rd6 27.
R4e2 Rad8 28. Kg2 Ne7 29. Kf2 Nc6 30. Nxc6 Rxc6 31. Re5 Kg7 32. a4 a6 33. R5e4
Kf6 34. R1e2 Rd5 35. h3 Rd1 36. Re1 Rd8 37. R1e2 Rd5 38. Re5 Rd1 39. R5e4 Rcd6
40. Re1 R1d2+ 41. R1e2 Rd1 42. Kg2 Ra1 43. Rb4 a5 44. Rc4 Rd3 45. Rf2 Re1 46.
g4 h4 47. f5 Kg5 48. fxg6 fxg6 49. Rc6 Rg3+ 50. Kh2 Ree3 51. Rxb6 Rxh3+ 52. Kg2
Rhg3+ 53. Kh2 Rh3+ 54. Kg2 Reg3+ 55. Kf1 Rh1+ 56. Ke2 h3 0-1

[Event "Japfa Classic"]
[Site "Dempasar (Bali)"]"]
[Date "2000.04.24"]
[Round "3"]
[White "Khalifman, Alexander"]
[Black "Gunawan, Ruben"]
[Result "1/2-1/2"]
[WhiteElo "2656"]
[BlackElo "2507"]
[PlyCount "105"]
[EventDate "2000.04.24"]

1. e4 c5 2. Nf3 e6 3. d4 cxd4 4. Nxd4 a6 5. Nc3 b5 6. Bd3 Qb6 7. Be3 Bc5 8. Be2
Nc6 9. Nxc6 dxc6 10. Bxc5 Qxc5 11. Qd3 e5 12. O-O-O Be6 13. Qg3 Kf8 14. f4 exf4
15. Qxf4 Ne7 16. Rhf1 h5 17. Kb1 Kg8 18. Qd6 Qxd6 19. Rxd6 Rc8 20. Bd3 Ng6 21.
Nd5 h4 22. Nb4 Ne5 23. Nxa6 Rh6 24. b3 Rg6 25. Rf2 Kf8 26. Nc5 Ke7 27. Rd4 Ng4
28. Rd2 Nxh2 29. e5 Rg4 30. Nxe6 Kxe6 31. Rd6+ Kxe5 32. Rd7 f5 33. Re2+ Kf6 34.
Rd6+ Kg5 35. Ree6 Kf4 36. Rd4+ Kg5 37. Rdd6 Kf4 38. Rd4+ Kg3 39. Rdd6 Rf8 40.
Rxc6 Kxg2 41. Bxb5 f4 42. Rcd6 f3 43. Bc6 Kh3 44. Re3 Rg3 45. Bd7+ Kg2 46. Bc6
Ng4 47. Re7 Nf2 48. Rd2 Rg6 49. Bd5 Kg3 50. Re1 Nh3 51. a4 f2 52. Rf1 Rff6 53.
a5 1/2-1/2

[Event "Japfa Classic"]
[Site "Dempasar (Bali)"]"]
[Date "2000.04.25"]
[Round "4"]
[White "Polgar, Judit"]
[Black "Karpov, Anatoly"]
[Result "1/2-1/2"]
[WhiteElo "2658"]
[BlackElo "2696"]
[PlyCount "79"]
[EventDate "2000.04.25"]

1. e4 c6 2. d4 d5 3. Nc3 dxe4 4. Nxe4 Nd7 5. Ng5 Ngf6 6. Bd3 e6 7. N1f3 Bd6 8.
Qe2 h6 9. Ne4 Nxe4 10. Qxe4 Qc7 11. Qg4 Kf8 12. Nd2 e5 13. Nc4 Nb6 14. Qh4 Nxc4
15. Bxc4 Bf5 16. dxe5 Bxe5 17. O-O Bxc2 18. Re1 Bg6 19. f4 Bd4+ 20. Be3 Qb6 21.
Qf2 Bxe3 22. Rxe3 Re8 23. Rae1 Rxe3 24. Rxe3 Bf5 25. Kf1 Qd8 26. Qe1 b6 27.
Qb4+ c5 28. Qa4 g5 29. fxg5 hxg5 30. Qxa7 Bg6 31. h3 Kg7 32. Qe7 Qd4 33. Qe5+
Qxe5 34. Rxe5 Rh4 35. b3 g4 36. hxg4 Rxg4 37. Re7 Rf4+ 38. Kg1 Rf6 39. a4 Bf5
40. a5 1/2-1/2

[Event "Japfa Classic"]
[Site "Dempasar (Bali)"]"]
[Date "2000.04.25"]
[Round "4"]
[White "Adianto, Utut"]
[Black "Timman, Jan H"]
[Result "1/2-1/2"]
[WhiteElo "2584"]
[BlackElo "2655"]
[PlyCount "55"]
[EventDate "2000.04.25"]

1. d4 Nf6 2. c4 e6 3. g3 c5 4. Nf3 cxd4 5. Nxd4 Bb4+ 6. Bd2 Qb6 7. e3 Nc6 8.
Bg2 O-O 9. O-O Rd8 10. Bxb4 Qxb4 11. Bxc6 bxc6 12. Nxc6 Qxb2 13. Nxd8 Qxa1 14.
Qd6 h6 15. Na3 Qxa2 16. Qe7 Ba6 17. Nxf7 Rf8 18. Ne5 Qd2 19. Nb1 Qa5 20. Qd6
Ne4 21. Qd4 Nxf2 22. Nd2 Nh3+ 23. Kg2 Rxf1 24. Kxf1 d5 25. Kg2 Ng5 26. h4 Nh7
27. Nc6 Qb6 28. cxd5 1/2-1/2

[Event "Japfa Classic"]
[Site "Dempasar (Bali)"]"]
[Date "2000.04.25"]
[Round "4"]
[White "Milos, Gilberto"]
[Black "Zaw, Win Lay"]
[Result "1-0"]
[WhiteElo "2620"]
[BlackElo "2633"]
[PlyCount "67"]
[EventDate "2000.04.25"]

1. e4 e5 2. Nf3 Nc6 3. Bb5 a6 4. Ba4 Nf6 5. O-O Be7 6. Re1 b5 7. Bb3 d6 8. c3
O-O 9. h3 Bb7 10. d4 Re8 11. Nbd2 Bf8 12. d5 Ne7 13. Nf1 Ng6 14. a4 c6 15. dxc6
Bxc6 16. Bg5 h6 17. Bxf6 Qxf6 18. Ne3 Nf4 19. Nd5 Bxd5 20. Bxd5 Rab8 21. axb5
axb5 22. Kh2 b4 23. c4 Be7 24. Ra6 Rec8 25. Qd2 Rc5 26. b3 Nxd5 27. exd5 Qf5
28. Nd4 exd4 29. Rxe7 Qf6 30. Re4 d3 31. Re3 Rcc8 32. Rxd3 Rxc4 33. bxc4 b3 34.
Rxb3 1-0

[Event "Japfa Classic"]
[Site "Dempasar (Bali)"]"]
[Date "2000.04.25"]
[Round "4"]
[White "Seirawan, Yasser"]
[Black "Khalifman, Alexander"]
[Result "1/2-1/2"]
[WhiteElo "2647"]
[BlackElo "2656"]
[PlyCount "41"]
[EventDate "2000.04.25"]

1. c4 Nf6 2. Nc3 e6 3. Nf3 d5 4. cxd5 exd5 5. d4 c6 6. Qc2 g6 7. Bg5 Be7 8. e3
Bf5 9. Bd3 Bxd3 10. Qxd3 Nbd7 11. Bh6 Ng4 12. Bf4 O-O 13. O-O Re8 14. a3 a5 15.
Qc2 Nb6 16. b3 Bd6 17. Bxd6 Qxd6 18. h3 Nf6 19. Ne5 Nc8 20. Qb2 Nd7 21. Nd3
1/2-1/2

[Event "Japfa Classic"]
[Site "Dempasar (Bali)"]"]
[Date "2000.04.25"]
[Round "4"]
[White "Ehlvest, Jaan"]
[Black "Gunawan, Ruben"]
[Result "1-0"]
[WhiteElo "2622"]
[BlackElo "2507"]
[PlyCount "74"]
[EventDate "2000.04.25"]

1. Nf3 Nf6 2. c4 b6 3. d4 e6 4. e3 Bb7 5. Bd3 Be7 6. O-O O-O 7. Nc3 d5 8. cxd5
exd5 9. b3 Nbd7 10. Bb2 a6 11. Rc1 Bd6 12. Ne2 Re8 13. Rc2 Ne4 14. Qc1 Rc8 15.
Ng3 Ndf6 16. Rd1 g6 17. Ne5 Nxg3 18. hxg3 Re6 19. Be2 h5 20. Bf3 Qe8 21. Ba3
Qf8 22. Bxd6 Qxd6 23. Qb2 Nd7 24. Nd3 Re7 25. Rdc1 Nf6 26. b4 c6 27. a4 Rce8
28. b5 cxb5 29. axb5 axb5 30. Ne5 Nd7 31. Nc6 Re6 32. Na7 Qb8 33. Nxb5 Rd8 34.
g4 hxg4 35. Bxg4 Rf6 36. Qb4 Kg7 37. Qe7 Rh8 1-0

[Event "Japfa Classic"]
[Site "Dempasar (Bali)"]"]
[Date "2000.04.27"]
[Round "5"]
[White "Zaw, Win Lay"]
[Black "Polgar, Judit"]
[Result "0-1"]
[WhiteElo "2633"]
[BlackElo "2658"]
[PlyCount "152"]
[EventDate "2000.04.27"]

1. e4 c5 2. Nf3 d6 3. d4 cxd4 4. Nxd4 Nf6 5. Nc3 a6 6. Be2 e5 7. Nb3 Be7 8. O-O
O-O 9. Be3 Be6 10. Qd2 Nbd7 11. a4 Rc8 12. a5 Qc7 13. Rfd1 Rfd8 14. Qe1 Qc6 15.
Bf3 h6 16. Nc1 Qc7 17. Nd3 d5 18. exd5 Bf5 19. Bb6 Nxb6 20. axb6 Qxb6 21. Qxe5
Bxd3 22. Na4 Qb4 23. cxd3 Re8 24. Qe2 Bd6 25. Qd2 Qd4 26. Nc3 Bb4 27. Ne2 Qb6
28. Nc3 Red8 29. d4 Rc7 30. Qd3 Rdc8 31. Ne2 Bd6 32. b3 Rc2 33. Rac1 Rxc1 34.
Rxc1 Rxc1+ 35. Nxc1 Qa5 36. Qd1 Qa1 37. g3 Ba3 38. Nd3 Qxd4 39. Nf4 Qxd1+ 40.
Bxd1 Bd6 41. Nd3 b5 42. Bf3 a5 43. Kf1 a4 44. bxa4 bxa4 45. Bd1 a3 46. Bb3 Ne4
47. Kg2 g5 48. f3 Nc3 49. Nc1 Kg7 50. Na2 Nb5 51. Bc4 Nd4 52. Kf2 Bc5 53. Ke3
f5 54. g4 Kf6 55. gxf5 Kxf5 56. d6 Ne6+ 57. Kd3 Bxd6 58. Nc3 Nf4+ 59. Kc2 Ng2
60. Kb3 Ne1 61. Bd5 Kf4 62. Ne4 Bf8 63. Nd2 Nd3 64. Kc3 Nc1 65. Nb3 a2 66. Na1
Ne2+ 67. Kd3 Ng1 68. Bxa2 Nxf3 69. Nc2 Nxh2 70. Nd4 Bd6 71. Ke2 Ng4 72. Bf7 Nf6
73. Bg6 g4 74. Ne6+ Kg3 75. Ng7 Kh2 76. Nf5 g3 0-1

[Event "Japfa Classic"]
[Site "Dempasar (Bali)"]"]
[Date "2000.04.27"]
[Round "5"]
[White "Karpov, Anatoly"]
[Black "Adianto, Utut"]
[Result "1-0"]
[WhiteElo "2696"]
[BlackElo "2584"]
[PlyCount "81"]
[EventDate "2000.04.27"]

1. c4 Nf6 2. d4 e6 3. Nf3 b6 4. g3 Ba6 5. b3 Bb4+ 6. Bd2 Be7 7. Bg2 c6 8. Bc3
d5 9. Ne5 Nfd7 10. Nxd7 Nxd7 11. Nd2 O-O 12. O-O Rc8 13. e4 dxc4 14. bxc4 b5
15. Re1 bxc4 16. Qc2 c5 17. d5 exd5 18. exd5 Bf6 19. Rad1 Nb6 20. Bxf6 Qxf6 21.
a4 Rfd8 22. Ne4 Qg6 23. d6 Rb8 24. Qc3 Bb7 25. a5 Na4 26. Qa3 Nb2 27. Qxb2 Bxe4
28. Qxb8 Rxb8 29. Rxe4 f5 30. Rxc4 Rd8 31. d7 Qa6 32. Rxc5 Qe2 33. Rcc1 Kf7 34.
Bd5+ Kf6 35. Re1 Qd3 36. Red1 Qe2 37. Bc6 g6 38. Re1 Qd2 39. Rcd1 Qc2 40. Rd6+
Kf7 41. Re8 1-0

[Event "Japfa Classic"]
[Site "Dempasar (Bali)"]"]
[Date "2000.04.27"]
[Round "5"]
[White "Timman, Jan H"]
[Black "Ehlvest, Jaan"]
[Result "1/2-1/2"]
[WhiteElo "2655"]
[BlackElo "2622"]
[PlyCount "60"]
[EventDate "2000.04.27"]

1. e4 c5 2. Nf3 e6 3. d4 cxd4 4. Nxd4 Nf6 5. Nc3 d6 6. g4 h6 7. h4 Nc6 8. Rg1
h5 9. gxh5 Nxh5 10. Bg5 Nf6 11. Qd2 Qb6 12. Nb3 a6 13. O-O-O Bd7 14. Rg2 Rc8
15. f4 Nb4 16. Kb1 Rxc3 17. bxc3 Nxe4 18. Qe1 Nd5 19. Rxd5 exd5 20. c4 f5 21.
cxd5 Kf7 22. Bd3 Nxg5 23. fxg5 g6 24. Re2 Qd8 25. Qb4 Bc8 26. Na5 Qc7 27. a4
Kg8 28. Re8 Kf7 29. Re2 Kg8 30. Re8 Kf7 1/2-1/2

[Event "Japfa Classic"]
[Site "Dempasar (Bali)"]"]
[Date "2000.04.27"]
[Round "5"]
[White "Khalifman, Alexander"]
[Black "Milos, Gilberto"]
[Result "1/2-1/2"]
[WhiteElo "2656"]
[BlackElo "2620"]
[PlyCount "47"]
[EventDate "2000.04.27"]

1. d4 Nf6 2. c4 e6 3. Nf3 b6 4. Nc3 Bb4 5. Bg5 Bb7 6. Nd2 h6 7. Bh4 c5 8. a3
Bxc3 9. bxc3 d6 10. f3 e5 11. e4 Nbd7 12. Rb1 Nf8 13. Bf2 g6 14. a4 Ne6 15. d5
Ng7 16. a5 Bc8 17. axb6 axb6 18. g4 Bd7 19. h4 Ng8 20. Rg1 Ne7 21. Bd3 f6 22.
Ra1 Kf7 23. Rxa8 Qxa8 24. Qb3 1/2-1/2

[Event "Japfa Classic"]
[Site "Dempasar (Bali)"]"]
[Date "2000.04.27"]
[Round "5"]
[White "Gunawan, Ruben"]
[Black "Seirawan, Yasser"]
[Result "1/2-1/2"]
[WhiteElo "2507"]
[BlackElo "2647"]
[PlyCount "44"]
[EventDate "2000.04.27"]

1. Nf3 Nf6 2. d4 e6 3. c4 b6 4. a3 c6 5. Bg5 d5 6. e3 Be7 7. Nbd2 h6 8. Bh4 O-O
9. Rc1 Bb7 10. Bd3 Nbd7 11. O-O c5 12. Qe2 Ne4 13. Bg3 Nxg3 14. hxg3 cxd4 15.
exd4 dxc4 16. Bxc4 a6 17. Bd3 Nf6 18. Rc2 b5 19. Ne4 Rc8 20. Nc5 Qb6 21. Nxb7
Qxb7 22. Rfc1 Rfd8 1/2-1/2

[Event "Japfa Classic"]
[Site "Dempasar (Bali)"]"]
[Date "2000.04.28"]
[Round "6"]
[White "Polgar, Judit"]
[Black "Khalifman, Alexander"]
[Result "1/2-1/2"]
[WhiteElo "2658"]
[BlackElo "2656"]
[PlyCount "46"]
[EventDate "2000.04.28"]

1. e4 g6 2. d4 d6 3. Nc3 c6 4. g3 Bg7 5. Bg2 Nf6 6. Nge2 O-O 7. O-O e5 8. h3
Nbd7 9. dxe5 dxe5 10. b3 Re8 11. Be3 b5 12. Qd2 Bb7 13. Rad1 13... Qc7 {} 14.
Qd6 Qxd6 15. Rxd6 Bf8 16. Rd2 Nc5 17. f3 a5 18. Nc1 Ne6 19. N3e2 Bb4 20. c3 Bf8
21. Nd3 Nd7 22. Nf2 Nf6 23. Nd3 Nd7 1/2-1/2

[Event "Japfa Classic"]
[Site "Dempasar (Bali)"]"]
[Date "2000.04.28"]
[Round "6"]
[White "Adianto, Utut"]
[Black "Zaw, Win Lay"]
[Result "1-0"]
[WhiteElo "2584"]
[BlackElo "2633"]
[PlyCount "39"]
[EventDate "2000.04.28"]

1. d4 Nf6 2. c4 e6 3. Nf3 b6 4. Nc3 Bb7 5. Bg5 Be7 6. Qc2 d5 7. e3 Nbd7 8. cxd5
exd5 9. Bd3 O-O 10. O-O h6 11. Bxf6 Nxf6 12. Rad1 c5 13. Bf5 Qb8 14. Ne5 a6 15.
f4 15... Qc7 {} 16. g4 cxd4 17. exd4 Ne4 18. Qg2 Nxc3 19. bxc3 Bd6 20. g5 1-0

[Event "Japfa Classic"]
[Site "Dempasar (Bali)"]"]
[Date "2000.04.28"]
[Round "6"]
[White "Timman, Jan H"]
[Black "Karpov, Anatoly"]
[Result "1/2-1/2"]
[WhiteElo "2655"]
[BlackElo "2696"]
[PlyCount "124"]
[EventDate "2000.04.28"]

1. e4 c6 2. d4 d5 3. Nd2 dxe4 4. Nxe4 Nd7 5. Ng5 Ngf6 6. Bd3 e6 7. N1f3 Bd6 8.
Qe2 h6 9. Ne4 Nxe4 10. Qxe4 Qc7 11. Qg4 Kf8 12. O-O c5 13. Qh4 b6 14. Be4 Rb8
15. b3 Nf6 16. dxc5 {} 16... bxc5 17. Bb2 Nxe4 18. Qxe4 Bb7 19. Qg4 f5 20. Qh5
Bxf3 21. Qxf3 Kf7 22. Qh5+ g6 23. Qh4 Be7 24. Qh3 Bf6 25. Bxf6 Kxf6 26. Rae1 e5
27. Qc3 Rhe8 28. f4 Rb4 29. g4 Rd4 30. Qh3 Qg7 31. fxe5+ Rxe5 32. Rxe5 Kxe5 33.
Qg3+ f4 34. Qe1+ Kd6 35. c3 Rd3 36. Qe4 Qxc3 37. Qxg6+ Kc7 38. Qf7+ Kb6 39.
Qxf4 Ka5 40. Qc7+ Kb4 41. Qb7+ Ka3 42. Qxa7+ Kb2 43. Rf2+ Rd2 44. Rxd2+ Qxd2
45. Qxc5 Qd1+ 46. Kf2 Qxg4 47. Qd5 Qh4+ 48. Ke3 Kxa2 49. b4+ Ka3 50. b5 Qxh2
51. Qc6 Kb4 52. b6 Ka5 53. b7 h5 54. Qc8 Qe5+ 55. Kd3 Qd5+ 56. Ke3 Qe5+ 57. Kf3
Qd5+ 58. Kf4 Qd2+ 59. Kf5 Qf2+ 60. Kg6 Qg3+ 61. Kf6 Qh4+ 62. Kf7 62... Qf4+ {}
1/2-1/2

[Event "Japfa Classic"]
[Site "Dempasar (Bali)"]"]
[Date "2000.04.28"]
[Round "6"]
[White "Milos, Gilberto"]
[Black "Gunawan, Ruben"]
[Result "1-0"]
[WhiteElo "2620"]
[BlackElo "2507"]
[PlyCount "63"]
[EventDate "2000.04.28"]

1. e4 c5 2. Nf3 e6 3. d4 cxd4 4. Nxd4 a6 5. Bd3 Qc7 6. O-O Nc6 7. Nxc6 bxc6 8.
c4 e5 9. Nc3 Nf6 10. Na4 c5 11. f4 Bd6 12. f5 h6 13. Nc3 Bb7 14. Qf3 Be7 15.
Qg3 Kf8 16. Be3 Ng8 17. Rad1 d6 18. Bc2 h5 19. Rf3 Nf6 20. Bg5 Rd8 21. Qe1 Nd7
22. Bd2 Nb6 23. Qe2 h4 24. Be3 Rb8 25. Rh3 25... Bf6 {} 26. g4 Qe7 27. b3 Nc8
28. Qd2 g5 29. fxg6 Qe6 30. Rf3 Qxg4+ 31. Kf2 h3 32. Rg1 1-0